000 00760nam a2200133Ia 4500
008 220615s9999||||xx |||||||||||||| ||und||
020 _a9780260000000
100 _aLuque-Ayala, Andrés||Marvin, Simon
245 0 _aUrban Operating Systems
_bProducing the Computational City
546 _aEnglish[eng]
650 _aComputation||logic||computational||smart cities||digital urbanism||platform urbanism||rationalism||rational calculation||transactional decision making||urban studies||urbanization||operating systems||infrastructure||operationalization||datafication||sensing||mapping||prediction||circulation||digital resistance||data-driven governance||urban sensing||civic hacking
856 _uhttps://doi.org/10.7551/mitpress/10869.001.0001
942 _cEB
999 _c16533
_d16533